Focus (Record no. 84560)
[ view plain ]
| 000 -LEADER | |
|---|---|
| fixed length control field | 00782cab a22002175a 4500 |
| 001 - CONTROL NUMBER | |
| control field | L158316 |
| 008 - FIXED-LENGTH DATA ELEMENTS--GENERAL INFORMATION | |
| fixed length control field | 141205e2014 xxk 000 0 eng d |
| 035 ## - SYSTEM CONTROL NUMBER | |
| System control number | (Sirsi) u158316 |
| 041 0# - LANGUAGE CODE | |
| Language code of text/sound track or separate title | eng |
| 100 1# - MAIN ENTRY--PERSONAL NAME | |
| Personal name | Simmons, Mark |
| 245 00 - TITLE STATEMENT | |
| Title | Focus |
| Remainder of title | Scotland |
| 260 ## - PUBLICATION, DISTRIBUTION, ETC. | |
| Date of publication, distribution, etc. | 2014 |
| 490 ## - SERIES STATEMENT | |
| Series statement | Estates Gazette |
| Volume/sequential designation | (1448) 29 November 2014, 71-97(19) |
| 520 ## - SUMMARY, ETC. | |
| Summary, etc. | Includes feature on whether property has recovered after the referendum and the consequence of the result on industry as a whole in Scotland. Also includes information about office leasing and investment transactions in Edinburgh and Glasgow and regeneration in Glasgow's Clyde Valley. |
| 590 ## - LOCAL NOTE (RLIN) | |
| Local note | KA |
| 651 #4 - SUBJECT ADDED ENTRY--GEOGRAPHIC NAME | |
| Geographic name | Scotland |
| 700 1# - ADDED ENTRY--PERSONAL NAME | |
| Personal name | Thame, David |
| 700 1# - ADDED ENTRY--PERSONAL NAME | |
| Personal name | Robson, Claire |
| 700 1# - ADDED ENTRY--PERSONAL NAME | |
| Personal name | Strohm, P. |
| 942 ## - ADDED ENTRY ELEMENTS (KOHA) | |
| Suppress in OPAC | 0 |
| Withdrawn status | Lost status | Source of classification or shelving scheme | Damaged status | Not for loan | Home library | Current library | Shelving location | Date acquired | Total Checkouts | Full call number | Barcode | Date last seen | Copy number | Price effective from | Koha item type |
|---|---|---|---|---|---|---|---|---|---|---|---|---|---|---|---|
| Dewey Decimal Classification | London | London | Journal article | 05/12/2014 | L158316 | 158316-1001 | 06/08/2019 | 1 | 06/08/2019 | Journal article |